<?xml version="1.0" encoding="UTF-8"?><marc:collection xmlns:marc="http://www.loc.gov/MARC21/slim">
  <marc:record>
    <marc:leader>00000cam  2200000zi 4500</marc:leader>
    <marc:controlfield tag="001">9.941364</marc:controlfield>
    <marc:controlfield tag="003">CaOODSP</marc:controlfield>
    <marc:controlfield tag="005">20260217104915</marc:controlfield>
    <marc:controlfield tag="006">m     o  d f      </marc:controlfield>
    <marc:controlfield tag="007">cr |n|||||||||</marc:controlfield>
    <marc:controlfield tag="008">240731s2024    onca    o    f|0| 0 eng d</marc:controlfield>
    <marc:datafield tag="040" ind1=" " ind2=" ">
      <marc:subfield code="a">CaOODSP</marc:subfield>
      <marc:subfield code="b">eng</marc:subfield>
      <marc:subfield code="e">rda</marc:subfield>
      <marc:subfield code="c">CaOODSP</marc:subfield>
    </marc:datafield>
    <marc:datafield tag="043" ind1=" " ind2=" ">
      <marc:subfield code="a">n-cn---</marc:subfield>
    </marc:datafield>
    <marc:datafield tag="086" ind1="1" ind2=" ">
      <marc:subfield code="a">P26-4/2024E-PDF</marc:subfield>
    </marc:datafield>
    <marc:datafield tag="245" ind1="0" ind2="0">
      <marc:subfield code="a">PSPC national CADD standard : </marc:subfield>
      <marc:subfield code="b">computer-aided design and drafting.</marc:subfield>
    </marc:datafield>
    <marc:datafield tag="250" ind1=" " ind2=" ">
      <marc:subfield code="a">Version 2024.</marc:subfield>
    </marc:datafield>
    <marc:datafield tag="264" ind1=" " ind2="1">
      <marc:subfield code="a">[Ottawa] : </marc:subfield>
      <marc:subfield code="b">Public Services and Procurement Canada = Services publics et Approvisionnement Canada, </marc:subfield>
      <marc:subfield code="c">2024.</marc:subfield>
    </marc:datafield>
    <marc:datafield tag="300" ind1=" " ind2=" ">
      <marc:subfield code="a">1 online resource (6 volumes) : </marc:subfield>
      <marc:subfield code="b">illustrations</marc:subfield>
    </marc:datafield>
    <marc:datafield tag="336" ind1=" " ind2=" ">
      <marc:subfield code="a">text</marc:subfield>
      <marc:subfield code="b">txt</marc:subfield>
      <marc:subfield code="2">rdacontent</marc:subfield>
    </marc:datafield>
    <marc:datafield tag="337" ind1=" " ind2=" ">
      <marc:subfield code="a">computer</marc:subfield>
      <marc:subfield code="b">c</marc:subfield>
      <marc:subfield code="2">rdamedia</marc:subfield>
    </marc:datafield>
    <marc:datafield tag="338" ind1=" " ind2=" ">
      <marc:subfield code="a">online resource</marc:subfield>
      <marc:subfield code="b">cr</marc:subfield>
      <marc:subfield code="2">rdacarrier</marc:subfield>
    </marc:datafield>
    <marc:datafield tag="500" ind1=" " ind2=" ">
      <marc:subfield code="a">Issued also in French under title: Norme nationale CDAO de SPAC : conception et dessin assistés par ordinateur.</marc:subfield>
    </marc:datafield>
    <marc:datafield tag="500" ind1=" " ind2=" ">
      <marc:subfield code="a">The publication files in PDF format were replaced on 30 April 2025 as requested by Public Services and Procurement Canada.</marc:subfield>
    </marc:datafield>
    <marc:datafield tag="500" ind1=" " ind2=" ">
      <marc:subfield code="a">The publication file in PDF format for Annex B : Symbols and graphics has been replaced on 1 May 2025 as requested by Public Services and Procurement Canada.</marc:subfield>
    </marc:datafield>
    <marc:datafield tag="500" ind1=" " ind2=" ">
      <marc:subfield code="a">The publication file in PDF format for Annex A : Layers has been replaced on 17 February 2026 (Version 2024.2) and on 13 May 2025 (Version 2024.1) as requested by Public Services and Procurement Canada.</marc:subfield>
    </marc:datafield>
    <marc:datafield tag="505" ind1="0" ind2=" ">
      <marc:subfield code="a">Annex A. Layers -- annex B. Symbols and graphics -- annex C. Toolkit for AutoCAD -- annex D. Toolkit for Civil 3D -- annex E. Toolkit for Revit.</marc:subfield>
    </marc:datafield>
    <marc:datafield tag="610" ind1="1" ind2="0">
      <marc:subfield code="a">Canada. </marc:subfield>
      <marc:subfield code="b">Public Services and Procurement Canada.</marc:subfield>
    </marc:datafield>
    <marc:datafield tag="650" ind1=" " ind2="0">
      <marc:subfield code="a">Computer-aided design</marc:subfield>
      <marc:subfield code="z">Canada.</marc:subfield>
    </marc:datafield>
    <marc:datafield tag="710" ind1="1" ind2=" ">
      <marc:subfield code="a">Canada. </marc:subfield>
      <marc:subfield code="b">Public Services and Procurement Canada, </marc:subfield>
      <marc:subfield code="e">issuing body.</marc:subfield>
    </marc:datafield>
    <marc:datafield tag="775" ind1="0" ind2="8">
      <marc:subfield code="t">Norme nationale CDAO de SPAC : </marc:subfield>
      <marc:subfield code="w">(CaOODSP)9.941611</marc:subfield>
    </marc:datafield>
    <marc:datafield tag="795" ind1=" " ind2=" ">
      <marc:subfield code="t">PSPC national CADD standard : </marc:subfield>
      <marc:subfield code="b">[2017 edition]</marc:subfield>
      <marc:subfield code="w">(CaOODSP)9.912465</marc:subfield>
    </marc:datafield>
    <marc:datafield tag="856" ind1="4" ind2="0">
      <marc:subfield code="q">PDF</marc:subfield>
      <marc:subfield code="s">618 KB</marc:subfield>
      <marc:subfield code="u">https://publications.gc.ca/collections/collection_2024/spac-pspc/P26-4-2024-eng.pdf</marc:subfield>
      <marc:subfield code="z">PSPC national CADD standard</marc:subfield>
    </marc:datafield>
    <marc:datafield tag="856" ind1="4" ind2="0">
      <marc:subfield code="q">PDF</marc:subfield>
      <marc:subfield code="s">958 KB</marc:subfield>
      <marc:subfield code="u">https://publications.gc.ca/collections/collection_2024/spac-pspc/P26-4-2024-1-eng.pdf</marc:subfield>
      <marc:subfield code="z">Annex A : Layers</marc:subfield>
    </marc:datafield>
    <marc:datafield tag="856" ind1="4" ind2="0">
      <marc:subfield code="q">PDF</marc:subfield>
      <marc:subfield code="s">2.95 MB</marc:subfield>
      <marc:subfield code="u">https://publications.gc.ca/collections/collection_2024/spac-pspc/P26-4-2024-2-eng.pdf</marc:subfield>
      <marc:subfield code="z">Annex B : Symbols and graphics</marc:subfield>
    </marc:datafield>
    <marc:datafield tag="856" ind1="4" ind2="0">
      <marc:subfield code="q">PDF</marc:subfield>
      <marc:subfield code="s">679 KB</marc:subfield>
      <marc:subfield code="u">https://publications.gc.ca/collections/collection_2024/spac-pspc/P26-4-2024-3-eng.pdf</marc:subfield>
      <marc:subfield code="z">Annex C : Toolkit for AutoCAD</marc:subfield>
    </marc:datafield>
    <marc:datafield tag="856" ind1="4" ind2="0">
      <marc:subfield code="q">PDF</marc:subfield>
      <marc:subfield code="s">275 KB</marc:subfield>
      <marc:subfield code="u">https://publications.gc.ca/collections/collection_2024/spac-pspc/P26-4-2024-4-eng.pdf</marc:subfield>
      <marc:subfield code="z">Annex D : Toolkit for Civil 3D</marc:subfield>
    </marc:datafield>
    <marc:datafield tag="856" ind1="4" ind2="0">
      <marc:subfield code="q">PDF</marc:subfield>
      <marc:subfield code="s">929 KB</marc:subfield>
      <marc:subfield code="u">https://publications.gc.ca/collections/collection_2024/spac-pspc/P26-4-2024-5-eng.pdf</marc:subfield>
      <marc:subfield code="z">Annex E : Toolkit for Revit</marc:subfield>
    </marc:datafield>
  </marc:record>
</marc:collection>
